000 00289nam a22001097a 4500
008 170110b xxu||||| |||| 00| 0 eng d
020 _a019504265
041 _aeng
080 _a618.2
245 _aTOUGH DECISIONS/ A CASEBOOK IN MEDICAL ETHICS
_cFREEMAN, J.M & MCDONNELL, K
942 _2udc
_cBK
999 _c2657
_d2657